|
|
|
|
| LEADER |
00752nam a2200205Ia 4500 |
| 001 |
TDMU_3311 |
| 008 |
210410s9999 xx 000 0 und d |
| 082 |
|
|
|a 895.11009
|
| 090 |
|
|
|b L46
|
| 100 |
|
|
|a Lê, Giảng
|
| 245 |
|
0 |
|a Đến với thơ Đỗ Phủ
|
| 245 |
|
0 |
|c Lê Giảng, Ngô Viết Dinh (chọn thơ, biên soạn)
|
| 260 |
|
|
|a H.
|
| 260 |
|
|
|b Thanh niên
|
| 260 |
|
|
|c 1999
|
| 300 |
|
|
|a 539tr.
|
| 650 |
|
|
|a Đỗ, Phủ; Thi ca Trung Hoa
|x Phê bình; Văn học Trung Hoa
|x Thi ca
|x Phê bình; Tác gia văn học
|x Đỗ Phủ
|
| 700 |
|
|
|a Ngô, Viết Dinh
|
| 856 |
|
|
|u http://lrc.tdmu.edu.vn/opac/search/detail.asp?aID=2&ID=3311
|
| 980 |
|
|
|a Trung tâm Học liệu Trường Đại học Thủ Dầu Một
|